[Event "Championnat de France - Open D"]
[Site "PAU"]
[Date "2012.08.16"]
[Round "3.7"]
[White "Fabre, Pierre"]
[Black "Laudat, Philippe"]
[Result "0-1"]
[WhiteElo "1433"]
[BlackElo "1490"]
[PlyCount "78"]

1. d4 d5 2. c4 c6 3. Nf3 e6 4. Nc3 Be7 5. Bf4 Nf6 6. h3 Bd6 7. Ne5 Bc7 8. cxd5
Nxd5 9. e3 Nxf4 10. exf4 Bb6 11. Nf3 Qf6 12. g3 Na6 13. a3 Nc7 14. Bg2 Nd5 15.
Nxd5 exd5 16. O-O Bf5 17. Re1+ Be4 18. a4 O-O 19. Ne5 Bxg2 20. Kxg2 Qd6 21. a5
Bc7 22. Qd2 b6 23. axb6 Bxb6 24. Rec1 Rac8 25. Rc2 f6 26. Ng4 Rfe8 27. f3 Re7
28. Rac1 c5 29. b3 a5 30. dxc5 Rxc5 31. Rxc5 Bxc5 32. Re1 Bb4 33. Nh6+ gxh6 34.
Qc2 Rxe1 35. Qc8+ Kf7 36. Qf5 Qe6 37. Qxh7+ Ke8 38. Qg6+ Kd7 39. Qg7+ Be7 0-1

[Event "Championnat de France - Open D"]
[Site "PAU"]
[Date "2012.08.16"]
[Round "3.9"]
[White "Jacob, Eva"]
[Black "Levinski, Jean-Pierre"]
[Result "0-1"]
[WhiteElo "1484"]
[BlackElo "1418"]
[PlyCount "52"]

1. e4 c5 2. d4 cxd4 3. c3 dxc3 4. Nxc3 Nc6 5. Bc4 a6 6. Nf3 e6 7. Bf4 d6 8. O-O
b5 9. Bb3 Bb7 10. Qd2 Na5 11. Bc2 Nc4 12. Qc1 Nf6 13. Re1 Be7 14. Nd2 Rc8 15.
Bb3 Na5 16. Qd1 O-O 17. e5 dxe5 18. Bxe5 Nxb3 19. axb3 Bd6 20. Rc1 Bxe5 21.
Rxe5 Qd6 22. Re3 Rfd8 23. Re2 Ng4 24. g3 Qc6 25. f3 Qb6+ 26. Kg2 Ne3+ 0-1

[Event "Championnat de France - Open D"]
[Site "PAU"]
[Date "2012.08.16"]
[Round "3.10"]
[White "Bruneteau, Damien"]
[Black "Buyukyalcin-Moussa, Elyes"]
[Result "1-0"]
[WhiteElo "1480"]
[BlackElo "1410"]
[PlyCount "29"]

1. d4 d5 2. c4 e6 3. Nc3 c6 4. cxd5 cxd5 5. Nf3 Nc6 6. Bf4 Nf6 7. Bg5 Be7 8. e3
Bd7 9. Bd3 Qc7 10. O-O O-O-O 11. Rc1 h6 12. Bf4 Bd6 13. Nb5 Qa5 14. Nxd6+ Kc7
15. Nc4+ 1-0

[Event "Championnat de France - Open D"]
[Site "PAU"]
[Date "2012.08.17"]
[Round "4.1"]
[White "Ragneau, Freddy"]
[Black "Sauvage, Thierry"]
[Result "0-1"]
[WhiteElo "1499"]
[BlackElo "1489"]
[PlyCount "66"]

1. d4 f5 2. c4 d5 3. Nf3 Nf6 4. Bf4 g6 5. Nc3 c6 6. e3 Bg7 7. Bd3 e6 8. c5 Nbd7
9. b4 O-O 10. O-O Ne4 11. Qc2 Nxc3 12. Qxc3 Nf6 13. a4 Bd7 14. Ne5 Ne4 15. Qc2
Be8 16. f3 g5 17. fxe4 gxf4 18. exf5 Bxe5 19. dxe5 exf5 20. Bxf5 Rf7 21. Be6
Qe7 22. Bxf7+ Bxf7 23. exf4 Kh8 24. Qc3 Bh5 25. Rae1 Rg8 26. Re3 Qd7 27. Qd4
Qf5 28. e6+ Rg7 29. e7 Be8 30. Rfe1 Kg8 31. Qe5 Qc2 32. Qe6+ Kh8 33. Qf6 Qxg2#
0-1

[Event "Championnat de France - Open D"]
[Site "PAU"]
[Date "2012.08.17"]
[Round "4.3"]
[White "Thouvenin, Jean-Claude"]
[Black "Bruneteau, Damien"]
[Result "1-0"]
[WhiteElo "1499"]
[BlackElo "1480"]
[PlyCount "85"]

1. e4 e6 2. d4 d5 3. Nd2 c5 4. Ngf3 Nc6 5. Bb5 Bd6 6. e5 Be7 7. O-O Bd7 8. Qe2
a6 9. Bxc6 Bxc6 10. Nb3 Bb5 11. Qd1 Bxf1 12. Qxf1 b6 13. Be3 c4 14. Nc1 Qc7 15.
c3 b5 16. a3 Qd8 17. Ne2 g5 18. Qc1 h6 19. Qc2 g4 20. Nd2 Bg5 21. Nf1 h5 22.
Bxg5 Qxg5 23. a4 Qd8 24. Nf4 Ne7 25. Ne3 Kd7 26. b3 Qc7 27. axb5 axb5 28. Rxa8
Rxa8 29. Nxh5 Ra1+ 30. Nf1 cxb3 31. Qb2 Ra2 32. Qxb3 Qc4 33. Qb1 Qe2 34. Nf6+
Kc6 35. Nxg4 Qb2 36. Qh7 Ra1 37. Qxf7 Rxf1+ 38. Kxf1 Qc1+ 39. Ke2 Qc2+ 40. Kf3
Qe4+ 41. Kg3 Nf5+ 42. Kh3 Qd3+ 43. f3 1-0

[Event "Championnat de France - Open D"]
[Site "PAU"]
[Date "2012.08.17"]
[Round "4.4"]
[White "Leost, Joel"]
[Black "Grothe, Alice"]
[Result "0-1"]
[WhiteElo "1491"]
[BlackElo "1468"]
[PlyCount "92"]

1. e4 d5 2. exd5 c6 3. Nc3 cxd5 4. d4 Nf6 5. Nf3 Nc6 6. Bb5 Bg4 7. Be3 e6 8.
Bg5 Bd6 9. a3 O-O 10. h3 Bxf3 11. gxf3 h6 12. Bh4 Be7 13. Qd3 Nh5 14. Bg3 Bh4
15. Ne2 Bf6 16. O-O-O Rc8 17. c3 Na5 18. Ba4 Nc4 19. Qc2 a6 20. Kb1 b5 21. Bb3
Be7 22. Bxc4 Rxc4 23. b3 Rc8 24. b4 a5 25. Kb2 axb4 26. axb4 Bxb4 27. Rd3 Be7
28. Ra1 b4 29. Kc1 Qb6 30. Kd2 b3 31. Qb2 Ra8 32. Rxa8 Rxa8 33. Nc1 Ba3 34. Qb1
Bxc1+ 35. Qxc1 b2 36. Qb1 Ra1 37. Kc2 Rxb1 38. Kxb1 Qb3 39. Bh2 Qb5 40. Rd2
Qf1+ 41. Kxb2 Qxh3 42. Bd6 Qxf3 43. Kb3 Nf6 44. Ra2 Ne4 45. Ra8+ Kh7 46. Ra7
Nxd6 0-1

[Event "Championnat de France - Open D"]
[Site "PAU"]
[Date "2012.08.17"]
[Round "4.5"]
[White "Laudat, Philippe"]
[Black "Charpentier, Bruno"]
[Result "1-0"]
[WhiteElo "1490"]
[BlackElo "1463"]
[PlyCount "65"]

1. d4 d5 2. Bf4 Nf6 3. e3 Bf5 4. Nd2 c6 5. Ngf3 Nbd7 6. c4 e6 7. cxd5 cxd5 8.
Be2 Be7 9. Rc1 Rc8 10. O-O h6 11. Ne5 O-O 12. Ng4 Nxg4 13. Bxg4 Bxg4 14. Qxg4
Nf6 15. Qe2 Qd7 16. Nf3 Bd6 17. Ne5 Bxe5 18. Bxe5 Ne4 19. Qg4 f6 20. Bf4 g5 21.
Bg3 Qf7 22. Qe2 h5 23. h3 f5 24. Be5 g4 25. hxg4 hxg4 26. f3 gxf3 27. Qxf3 Qg6
28. Qe2 Kf7 29. Qb5 Kg8 30. Rxc8 Rxc8 31. Qxb7 Rc2 32. Qb8+ Kh7 33. Qh8# 1-0

[Event "Championnat de France - Open D"]
[Site "PAU"]
[Date "2012.08.17"]
[Round "4.6"]
[White "Levinski, Jean-Pierre"]
[Black "Baudry, Clement"]
[Result "0-1"]
[WhiteElo "1418"]
[BlackElo "1478"]
[PlyCount "62"]

1. c4 Nf6 2. Nc3 g6 3. g3 Bg7 4. Bg2 O-O 5. Nf3 d6 6. O-O e5 7. d4 exd4 8. Nxd4
Nbd7 9. b3 Nc5 10. Bg5 Ne6 11. Nxe6 fxe6 12. Qd2 c6 13. Rad1 d5 14. e4 d4 15.
e5 Qc7 16. exf6 dxc3 17. Qxc3 Bh8 18. Rd3 Rf7 19. Re1 Bd7 20. Bh3 Re8 21. Rde3
Qd6 22. Qb2 Qc5 23. Re5 Qd6 24. R5e4 Qc5 25. Be3 Qa5 26. Bd2 Qd8 27. Qa3 Bxf6
28. Bxe6 Bxe6 29. Rxe6 Rxe6 30. Rxe6 Qxd2 31. Qxa7 Bd4 0-1

[Event "Championnat de France - Open D"]
[Site "PAU"]
[Date "2012.08.17"]
[Round "4.7"]
[White "Brivet-Naudot, Cyril"]
[Black "Kneib, Bernard"]
[Result "1-0"]
[WhiteElo "1499"]
[BlackElo "1495"]
[PlyCount "97"]

1. e4 d6 2. d4 Nf6 3. Nc3 g6 4. Bg5 Bg7 5. Nf3 O-O 6. Bd3 Nbd7 7. O-O c5 8. d5
a6 9. Qd2 b5 10. a3 Re8 11. Rfe1 Qc7 12. Rab1 Rb8 13. Na2 Bb7 14. c4 bxc4 15.
Bxc4 Ng4 16. Qe2 Ra8 17. Bd2 Nge5 18. Bc3 Nxf3+ 19. Qxf3 Ne5 20. Qe2 Bc8 21. h3
Nxc4 22. Qxc4 e5 23. b4 f5 24. bxc5 fxe4 25. c6 Re7 26. Rb3 Rb8 27. Reb1 Rxb3
28. Rxb3 Qa7 29. Qxe4 Bf5 30. Qe2 Bc8 31. Qe3 Bf8 32. Qxa7 Rxa7 33. g4 a5 34.
Rb5 h5 35. Rxa5 Rxa5 36. Bxa5 hxg4 37. hxg4 Bxg4 38. c7 Bh6 39. Bb4 Bf8 40. a4
Bc8 41. Nc3 Kf7 42. Nb5 Ke8 43. Bxd6 Bxd6 44. Nxd6+ Kd7 45. Nxc8 Kxc7 46. Ne7
g5 47. Kg2 Kd7 48. a5 Kc7 49. Kf3 1-0

[Event "Championnat de France - Open D"]
[Site "PAU"]
[Date "2012.08.17"]
[Round "4.9"]
[White "Malassagne, Gabriel"]
[Black "Giua, Marie"]
[Result "1-0"]
[WhiteElo "1396"]
[BlackElo "1500"]
[PlyCount "59"]

1. e4 c5 2. Nc3 Nc6 3. f4 e6 4. Nf3 d6 5. Bb5 Bd7 6. Bxc6 Bxc6 7. O-O Be7 8. d3
Nf6 9. Qe1 Qc7 10. Qg3 Nh5 11. Qg4 g6 12. f5 exf5 13. exf5 Bd7 14. Nh4 Ng7 15.
Nd5 Qd8 16. Nxe7 Qxe7 17. Bg5 h5 18. Qg3 f6 19. Rae1 Ne6 20. fxe6 Bxe6 21. Bxf6
Qd7 22. Qxg6+ Qf7 23. Rxe6+ Kf8 24. Be7+ Ke8 25. Qxf7+ Kd7 26. Rxd6+ Kc8 27.
Qe6+ Kc7 28. Qd7+ Kb8 29. Ra6 bxa6 30. Bd6# 1-0

[Event "Championnat de France - Open D"]
[Site "PAU"]
[Date "2012.08.17"]
[Round "4.10"]
[White "Arpinon, Jack"]
[Black "Barbe Asensio, Cyrielle"]
[Result "1-0"]
[WhiteElo "1499"]
[BlackElo "1410"]
[PlyCount "79"]

1. e4 c6 2. d4 d5 3. e5 Bf5 4. Nc3 e6 5. Nce2 Nd7 6. Ng3 Bg6 7. Nf3 c5 8. c3 f6
9. Bb5 a6 10. Bxd7+ Qxd7 11. O-O fxe5 12. Nxe5 Qc7 13. Nxg6 hxg6 14. Qg4 Bd6
15. Qxe6+ Kf8 16. Qxd5 Nf6 17. Qf3 Bxg3 18. fxg3 Rh7 19. Bg5 Qd6 20. Bxf6 gxf6
21. Qxf6+ Qxf6 22. Rxf6+ Ke7 23. Rf4 Rah8 24. h3 g5 25. Re4+ Kd6 26. dxc5+ Kxc5
27. Re5+ Kc4 28. Rxg5 Re7 29. Rd1 Re4 30. Rg7 Re3 31. Kh2 Rf8 32. Rc7+ Kb5 33.
Rxb7+ Kc6 34. Rb4 Rf2 35. a4 Ree2 36. Rg1 Rxb2 37. Rxb2 Rxb2 38. Rf1 Ra2 39.
Rf6+ Kb7 40. Rf4 1-0

[Event "Championnat de France - Open D"]
[Site "PAU"]
[Date "2012.08.18"]
[Round "5.1"]
[White "Sauvage, Thierry"]
[Black "Thouvenin, Jean-Claude"]
[Result "1/2-1/2"]
[WhiteElo "1489"]
[BlackElo "1499"]
[PlyCount "111"]

1. e4 e6 2. Nf3 d5 3. exd5 exd5 4. d4 Bg4 5. Be2 Nf6 6. O-O Be7 7. c4 dxc4 8.
Bxc4 O-O 9. Nc3 Nc6 10. Be3 a6 11. Be2 Qd6 12. h3 Bh5 13. Ne5 Bxe2 14. Nxe2 Nd5
15. Nxc6 Qxc6 16. Rc1 Qd7 17. Qb3 c6 18. Nc3 Nc7 19. Rfe1 Nd5 20. Nxd5 cxd5 21.
Rc3 Rac8 22. Rec1 Rxc3 23. Rxc3 Bd6 24. Qb6 h6 25. Rb3 Rb8 26. Kf1 Bc7 27. Qc5
b6 28. Qc1 Qd6 29. Rc3 Rb7 30. g3 Qd7 31. Kg2 Qe7 32. Qc2 Qe4+ 33. Kg1 Qxc2 34.
Rxc2 Kf8 35. Kg2 Ke7 36. Kf3 Kd7 37. Bf4 Bd8 38. Be5 g5 39. g4 f6 40. Bg3 Bc7
41. Bxc7 Rxc7 42. Rxc7+ Kxc7 43. Ke3 Kd6 44. Kd3 Ke6 45. f3 Kd6 46. Kc3 Kc6 47.
b4 b5 48. Kb3 Kd6 49. a4 Ke6 50. a5 f5 51. Kc3 f4 52. Kd3 Kf6 53. Ke2 Kg6 54.
Kf2 h5 55. Kg2 hxg4 56. hxg4 1/2-1/2

[Event "Championnat de France - Open D"]
[Site "PAU"]
[Date "2012.08.18"]
[Round "5.2"]
[White "Grothe, Alice"]
[Black "Laudat, Philippe"]
[Result "1-0"]
[WhiteElo "1468"]
[BlackElo "1490"]
[PlyCount "65"]

1. f4 d5 2. Nf3 e6 3. e3 Be7 4. Bd3 Nf6 5. b3 Nc6 6. Bb2 Nh5 7. Ne5 Bh4+ 8. g3
Nxg3 9. hxg3 Bxg3+ 10. Kf1 Nxe5 11. Bxe5 Bh4 12. Qg4 Bf6 13. Rxh7 Rxh7 14. Bxh7
Bxe5 15. fxe5 g6 16. Nc3 Bd7 17. Ke2 Qe7 18. Rh1 Qf8 19. Qg5 Qe7 20. Qh6 Bc6
21. Bxg6 fxg6 22. Qh8+ Qf8 23. Qxf8+ Kxf8 24. Rh8+ Kf7 25. Rxa8 a6 26. Rc8 Kg7
27. Rxc7+ Kh6 28. Re7 g5 29. Rxe6+ Kh5 30. Rd6 g4 31. Kf2 Kh4 32. Rg6 Kh3 33.
Rh6# 1-0

[Event "Championnat de France - Open D"]
[Site "PAU"]
[Date "2012.08.18"]
[Round "5.3"]
[White "Brivet-Naudot, Cyril"]
[Black "Houssaye, Martin"]
[Result "1-0"]
[WhiteElo "1499"]
[BlackElo "1470"]
[PlyCount "101"]

1. e4 d6 2. d4 Nf6 3. Nc3 g6 4. f4 Bg7 5. Nf3 Bg4 6. e5 dxe5 7. fxe5 Nd5 8. Bc4
Nxc3 9. bxc3 e6 10. Ba3 c6 11. O-O b5 12. Bd3 Bf8 13. Bxf8 Rxf8 14. Qe1 Rg8 15.
Nd2 Bf5 16. Qf2 Qe7 17. Ne4 Bxe4 18. Bxe4 Rg7 19. Qf3 Kd7 20. Rfb1 a6 21. a4
Ra7 22. axb5 cxb5 23. Rxb5 Rg8 24. Rb7+ Rxb7 25. Bxb7 Rd8 26. Rxa6 Ke8 27. Ra1
Rd7 28. Bc6 Nxc6 29. Qxc6 Kf8 30. Qf3 Rc7 31. Qf6 Qxf6 32. exf6 Ke8 33. Ra3 Kd7
34. Kf2 Kd6 35. Ke3 e5 36. Kd3 exd4 37. cxd4 Rc6 38. c4 Kd7 39. Ra7+ Ke8 40.
Re7+ Kf8 41. Re2 Rxf6 42. c5 Re6 43. Rxe6 fxe6 44. Ke4 Ke7 45. Ke5 h6 46. c6 g5
47. c7 Kd7 48. c8=Q+ Kxc8 49. Kxe6 Kd8 50. Kf6 g4 51. g3 1-0

[Event "Championnat de France - Open D"]
[Site "PAU"]
[Date "2012.08.18"]
[Round "5.4"]
[White "Baudry, Clement"]
[Black "Joyeux, Chloe"]
[Result "0-1"]
[WhiteElo "1478"]
[BlackElo "1432"]
[PlyCount "96"]

1. e4 c6 2. d4 d5 3. Nc3 dxe4 4. Nxe4 Nd7 5. Nf3 Ngf6 6. Ng3 Nb6 7. h3 Be6 8.
Bf4 Bc4 9. Bxc4 Nxc4 10. b3 Nb6 11. O-O e6 12. Re1 Be7 13. c4 O-O 14. Qc2 Nbd7
15. Rad1 Rc8 16. Be5 h6 17. Ne4 Nxe4 18. Qxe4 Nf6 19. Qc2 Qa5 20. Bxf6 Bxf6 21.
Qd2 Qxd2 22. Rxd2 c5 23. Red1 cxd4 24. Nxd4 Rfd8 25. Nb5 a6 26. Nd6 Rc7 27. Ne4
Rxd2 28. Nxf6+ gxf6 29. Rxd2 Kg7 30. Kh2 e5 31. Kg3 f5 32. Rd5 f6 33. Kf3 h5
34. c5 Kg6 35. h4 Kf7 36. b4 Ke6 37. Rd8 Rh7 38. a4 Rd7 39. Rxd7 Kxd7 40. g4
fxg4+ 41. Ke4 Ke6 42. b5 f5+ 43. Ke3 axb5 44. axb5 Kd5 45. c6 bxc6 46. b6 Kd6
47. Kd3 Kd7 48. Kc4 f4 0-1

[Event "Championnat de France - Open D"]
[Site "PAU"]
[Date "2012.08.18"]
[Round "5.5"]
[White "Arpinon, Jack"]
[Black "Malassagne, Gabriel"]
[Result "0-1"]
[WhiteElo "1499"]
[BlackElo "1396"]
[PlyCount "104"]

1. e4 c5 2. Nf3 d6 3. d4 cxd4 4. Nxd4 Nf6 5. Nc3 g6 6. f4 Nc6 7. Nxc6 bxc6 8.
e5 Nh5 9. exd6 exd6 10. Be2 Qh4+ 11. Kf1 Nxf4 12. Bxf4 Qxf4+ 13. Bf3 Ba6+ 14.
Ne2 d5 15. c3 Bc5 16. Ke1 Bxe2 17. Qxe2+ Qe3 18. Qxe3+ Bxe3 19. Ke2 Bc5 20. c4
Bd4 21. cxd5 cxd5 22. Bxd5 Rb8 23. Rhf1 f5 24. Bc6+ Kf7 25. Bd5+ Kf6 26. Bb3
Bxb2 27. Rab1 Rhe8+ 28. Kd3 Rbd8+ 29. Kc4 Re4+ 30. Kb5 Rb8+ 31. Ka6 Bd4 32. Bd5
Rxb1 33. Rxb1 Rh4 34. h3 Bb6 35. Bc6 Rc4 36. Bb5 Rc2 37. a4 Rxg2 38. Rc1 Rh2
39. Rc6+ Kg5 40. Rxb6 axb6 41. Kxb6 Rxh3 42. a5 Ra3 43. a6 Kg4 44. a7 Rxa7 45.
Kxa7 h5 46. Kb6 h4 47. Kc5 Kg3 48. Kd4 h3 49. Ke3 f4+ 50. Ke2 f3+ 51. Kf1 h2
52. Ke1 h1=Q+ 0-1

[Event "Championnat de France - Open D"]
[Site "PAU"]
[Date "2012.08.18"]
[Round "5.6"]
[White "Azouni, Anais"]
[Black "Ragneau, Freddy"]
[Result "1-0"]
[WhiteElo "1439"]
[BlackElo "1499"]
[PlyCount "97"]

1. e4 e5 2. Nf3 Nc6 3. Bc4 Be7 4. Nc3 Nf6 5. d4 exd4 6. Nxd4 Ne5 7. Bb3 d6 8.
h3 O-O 9. Be3 a6 10. f4 Ng6 11. g4 b5 12. g5 Ne8 13. Bd5 Bd7 14. Bxa8 Qxa8 15.
Nd5 Bd8 16. f5 Ne7 17. Qf3 c5 18. Ne2 Kh8 19. Ng3 Nc6 20. O-O-O Ne5 21. Qe2 b4
22. Bf4 Bb5 23. Qh5 a5 24. Bxe5 dxe5 25. g6 h6 26. gxf7 Nf6 27. Nxf6 Bxf6 28.
h4 Bc4 29. Rd7 Bb5 30. Rd6 Be2 31. Qxe2 Rxf7 32. Qa6 Qf8 33. Nf1 Qe7 34. Qc8+
Rf8 35. Qe6 Qb7 36. Qd5 Qb5 37. Qd3 Qe8 38. Ng3 Qf7 39. Qd5 Qe8 40. Rc6 Qb8 41.
Qxc5 Rd8 42. Nh5 Qb7 43. Nxf6 gxf6 44. Qb6 Qd7 45. b3 Qd2+ 46. Kb1 Rg8 47. Rxf6
Kh7 48. Rf7+ Rg7 49. Qg6+ 1-0

[Event "Championnat de France - Open D"]
[Site "PAU"]
[Date "2012.08.18"]
[Round "5.7"]
[White "Salvi, Michel"]
[Black "Levinski, Jean-Pierre"]
[Result "1-0"]
[WhiteElo "1499"]
[BlackElo "1418"]
[PlyCount "35"]

1. e4 c5 2. Nf3 Nc6 3. Bc4 g6 4. d4 cxd4 5. Nxd4 Bg7 6. Be3 Nf6 7. Nc3 O-O 8.
f3 Qb6 9. Qd2 Nxe4 10. fxe4 Bxd4 11. Bxd4 Qxd4 12. Bd3 a6 13. h4 Ne5 14. O-O-O
d6 15. Qf4 f6 16. h5 g5 17. Qf1 Ng4 18. Bc4+ 1-0

[Event "Championnat de France - Open D"]
[Site "PAU"]
[Date "2012.08.18"]
[Round "5.8"]
[White "Apap, Titouan"]
[Black "Leost, Joel"]
[Result "1-0"]
[WhiteElo "1420"]
[BlackElo "1491"]
[PlyCount "107"]

1. e4 c5 2. Nf3 Nc6 3. Bb5 e6 4. Bxc6 bxc6 5. O-O d5 6. exd5 cxd5 7. d4 Nf6 8.
b3 Bd6 9. Bb2 O-O 10. Re1 Ng4 11. h3 Nh6 12. Qd2 f6 13. Ba3 Qc7 14. dxc5 Bxc5
15. Qc3 Bxf2+ 16. Kxf2 Qxc3 17. Nxc3 Rd8 18. Rad1 a6 19. Nd4 Kf7 20. Na4 Bd7
21. Nb6 Ra7 22. Nxd7 Rdxd7 23. Nxe6 Nf5 24. g4 Nh4 25. Nf4 d4 26. Ne6 h6 27.
Nxd4 Rdc7 28. c4 Ng6 29. Ne6 Rc8 30. Rd8 Rc6 31. Rf8+ Nxf8 32. Nd8+ Kg8 33.
Nxc6 Ra8 34. Bxf8 Kxf8 35. b4 Rc8 36. b5 axb5 37. cxb5 Ra8 38. Re2 Ra4 39. b6
Ra6 40. b7 Rb6 41. b8=Q+ Rxb8 42. Nxb8 f5 43. gxf5 Kf7 44. a4 g6 45. fxg6+ Kg7
46. a5 h5 47. a6 h4 48. a7 Kxg6 49. a8=Q Kg5 50. Qg2+ Kf6 51. Qf3+ Kg6 52. Re6+
Kh7 53. Qf7+ Kh8 54. Rh6# 1-0

[Event "Championnat de France - Open D"]
[Site "PAU"]
[Date "2012.08.18"]
[Round "5.9"]
[White "Bouteiller, Eleonore"]
[Black "Sabatier, Mathis"]
[Result "0-1"]
[WhiteElo "1490"]
[BlackElo "1415"]
[PlyCount "62"]

1. d4 d5 2. Nf3 Nf6 3. Bf4 e6 4. e3 Nbd7 5. Nc3 a6 6. a3 Be7 7. Bd3 O-O 8. Bg5
c5 9. dxc5 Nxc5 10. Nd2 Nxd3+ 11. cxd3 h6 12. Bh4 d4 13. Nce4 dxe3 14. Nxf6+
Bxf6 15. Bxf6 exd2+ 16. Qxd2 Qxf6 17. O-O Bd7 18. Rac1 Rac8 19. Rc3 Rxc3 20.
bxc3 Rc8 21. Rc1 Qe7 22. Qb2 Bc6 23. h3 Qg5 24. f3 Bxf3 25. d4 Bxg2 26. Qxg2
Qxc1+ 27. Kh2 Rxc3 28. Qxb7 Qd2+ 29. Qg2 Qf4+ 30. Qg3 Qxg3+ 31. Kh1 Rc1# 0-1

[Event "Championnat de France - Open D"]
[Site "PAU"]
[Date "2012.08.18"]
[Round "5.10"]
[White "Fares, Leo"]
[Black "Bruneau, Maylis"]
[Result "1-0"]
[WhiteElo "1488"]
[BlackElo "1402"]
[PlyCount "111"]

1. e4 c5 2. Nf3 Nc6 3. d4 cxd4 4. Nxd4 e5 5. Nb5 a6 6. Nd6+ Bxd6 7. Qxd6 Qe7 8.
Qxe7+ Ngxe7 9. Nc3 d6 10. Be3 Be6 11. Bd3 d5 12. exd5 Bxd5 13. Nxd5 Nxd5 14.
Bd2 O-O 15. O-O-O Rac8 16. Rhe1 Rfd8 17. a3 f6 18. Bc4 Kh8 19. Bxd5 Rxd5 20.
Be3 Nd4 21. Bxd4 exd4 22. c3 d3 23. Re7 b5 24. Ra7 Rd6 25. Kd2 Kg8 26. Re1 Rcd8
27. Ree7 g5 28. Rxh7 Re6 29. Rhe7 Re5 30. Rxe5 fxe5 31. Rxa6 e4 32. Re6 Rf8 33.
Rxe4 Rxf2+ 34. Kxd3 Rxg2 35. Re2 Rg4 36. Re5 Rg2 37. Rxb5 Kf7 38. a4 g4 39. a5
Rxh2 40. a6 Rh8 41. Ke3 g3 42. Kf3 Rg8 43. Kg2 Ke7 44. a7 Kd7 45. Rb8 Rxb8 46.
axb8=Q Kc6 47. Qe5 Kb6 48. Qd5 Kc7 49. Qe6 Kb7 50. Kxg3 Kc7 51. Kf4 Kb7 52. Ke4
Kc7 53. Kd5 Kb7 54. Qc6+ Ka7 55. Qb5 Ka8 56. Kc6 1-0

[Event "Championnat de France - Open D"]
[Site "PAU"]
[Date "2012.08.19"]
[Round "6.1"]
[White "Thouvenin, Jean-Claude"]
[Black "Grothe, Alice"]
[Result "1-0"]
[WhiteElo "1499"]
[BlackElo "1468"]
[PlyCount "29"]

1. e4 d5 2. exd5 c6 3. d4 cxd5 4. Nc3 Nc6 5. Bf4 Nf6 6. Nb5 Qa5+ 7. c3 e5 8.
dxe5 Ng4 9. e6 Nge5 10. exf7+ Kxf7 11. Bxe5 Nxe5 12. Qxd5+ Kf6 13. f4 Nc6 14.
Bc4 Qd8 15. Qg5# 1-0

[Event "Championnat de France - Open D"]
[Site "PAU"]
[Date "2012.08.19"]
[Round "6.2"]
[White "Joyeux, Chloe"]
[Black "Brivet-Naudot, Cyril"]
[Result "0-1"]
[WhiteElo "1432"]
[BlackElo "1499"]
[PlyCount "114"]

1. e4 e5 2. Nf3 Nf6 3. Nxe5 d6 4. Nf3 Nxe4 5. Nc3 Nxc3 6. dxc3 Be7 7. Be3 Bg4
8. Bd3 Nd7 9. h3 Bh5 10. g4 Bg6 11. Bxg6 hxg6 12. Qd2 Nf6 13. O-O-O Qd7 14. Qd3
Qc6 15. Nd4 Qe4 16. Qxe4 Nxe4 17. Nb5 Kd7 18. f4 a6 19. Nd4 Rh7 20. Nf3 Rah8
21. Ng1 Rh4 22. g5 f6 23. Rd4 Ng3 24. Rh2 Nf5 25. Bf2 Nxd4 26. Bxh4 Rxh4 27.
gxf6 gxf6 28. cxd4 Rxf4 29. Ne2 Rh4 30. c3 f5 31. b3 g5 32. d5 g4 33. Nd4 g3
34. Rg2 f4 35. Nf3 Rxh3 36. Kc2 Bf6 37. Kd3 Be5 38. c4 Rh1 39. Ke2 c6 40. dxc6+
Kxc6 41. Rg1 Rxg1 42. Nxg1 Kc5 43. Kd3 Bd4 44. b4+ Kxb4 45. Kxd4 b5 46. cxb5
axb5 47. Ke4 Ka3 48. Kxf4 g2 49. Kg3 Kxa2 50. Kxg2 b4 51. Ne2 Kb3 52. Kf3 Kc4
53. Nc1 b3 54. Nxb3 Kxb3 55. Ke4 Kc4 56. Ke3 d5 57. Ke2 Kc3 0-1

[Event "Championnat de France - Open D"]
[Site "PAU"]
[Date "2012.08.19"]
[Round "6.3"]
[White "Malassagne, Gabriel"]
[Black "Sauvage, Thierry"]
[Result "0-1"]
[WhiteElo "1396"]
[BlackElo "1489"]
[Annotator "Rivier,Sylvain"]
[PlyCount "49"]

1. e4 c6 2. Nf3 d5 3. exd5 cxd5 4. d4 Nc6 5. Nc3 e6 6. Bb5 Bd7 7. Bf4 Nf6 8.
O-O Be7 9. Bxc6 Bxc6 10. Ne5 O-O 11. Nxc6 bxc6 12. Ne2 c5 13. Ng3 c4 14. c3 Bd6
15. Bxd6 Qxd6 16. Nh5 Nxh5 17. Qxh5 Rfb8 18. Rab1 Rb6 19. f4 Rab8 20. Rf2 a5
21. Qe5 Qxe5 22. fxe5 a4 23. a3 Rb3 24. Rff1 Rxb2 25. Ra1 {suite illisible} 0-1

[Event "Championnat de France - Open D"]
[Site "PAU"]
[Date "2012.08.20"]
[Round "6.4"]
[White "Sabatier, Mathis"]
[Black "Salvi, Michel"]
[Result "0-1"]
[WhiteElo "1415"]
[BlackElo "1499"]
[PlyCount "112"]

1. d4 c6 2. c4 Nf6 3. Nc3 g6 4. e4 d5 5. e5 Ne4 6. Nxe4 dxe4 7. Be3 h5 8. Qc2
Bf5 9. Ne2 Na6 10. a3 Qa5+ 11. Qd2 Qd8 12. Ng3 Bg4 13. Nxe4 Nc7 14. Nc3 Qd7 15.
h3 Bf5 16. Be2 O-O-O 17. O-O f6 18. exf6 exf6 19. f4 Bh6 20. Bf3 Qg7 21. h4
Rhg8 22. Be4 Bd7 23. Rf3 Bg4 24. Rg3 g5 25. fxg5 fxg5 26. Bxg5 Bxg5 27. hxg5
Rxd4 28. Qe3 Rgd8 29. b3 Kb8 30. g6 Re8 31. Qf4 Rdxe4 32. Qf7 R4e7 33. Qxg7
Rxg7 34. Rf1 Rxg6 35. Rd3 Rge6 36. Kh2 Kc8 37. Rf7 R6e7 38. Rf2 Re3 39. Rxe3
Rxe3 40. Rf8+ Kd7 41. Na4 b6 42. Rf7+ Kd8 43. Rf8+ Ke7 44. Rh8 Rxb3 45. Rh7+
Kd8 46. Rh8+ Kd7 47. Rh7+ Kc8 48. Rh8+ Kb7 49. g3 Rxa3 50. Nb2 Ra2 51. Kg1 Rxb2
52. Rf8 Ne6 53. Rf7+ Ka6 54. Rf6 Nd4 55. Rd6 c5 56. Rf6 Bh3 0-1

[Event "Championnat de France - Open D"]
[Site "PAU"]
[Date "2012.08.19"]
[Round "6.5"]
[White "Laudat, Philippe"]
[Black "Azouni, Anais"]
[Result "0-1"]
[WhiteElo "1490"]
[BlackElo "1439"]
[PlyCount "50"]

1. d4 d6 2. Bf4 Nf6 3. e3 g6 4. Nd2 Bg7 5. Ngf3 O-O 6. Be2 Nbd7 7. c3 b6 8. Qb3
Bb7 9. c4 Re8 10. O-O e5 11. dxe5 dxe5 12. Bg3 Nc5 13. Qc2 e4 14. Nd4 Nfd7 15.
Nb5 Ne5 16. Nd4 Ned3 17. N2b3 Nxb3 18. Qxb3 Bxd4 19. Bxd3 Bxe3 20. fxe3 exd3
21. Bf2 Qg5 22. g3 Rxe3 23. Rad1 Rc8 24. h4 Rxg3+ 25. Bxg3 Qxg3# 0-1

[Event "Championnat de France - Open D"]
[Site "PAU"]
[Date "2012.08.20"]
[Round "6.6"]
[White "Georges, Lisa"]
[Black "Fares, Leo"]
[Result "0-1"]
[WhiteElo "1388"]
[BlackElo "1488"]
[Annotator "Rivier,Sylvain"]
[PlyCount "46"]

1. d4 Nf6 2. c4 e6 3. Nc3 d5 4. Nf3 Nc6 5. e3 Be7 6. Bd3 Bd7 7. O-O O-O 8. b3
Re8 9. Bb2 b6 10. a3 a5 11. Rc1 Rc8 12. Ne2 Na7 13. a4 c5 14. Ne5 Nc6 15. Nxd7
Nxd7 16. dxc5 Nxc5 17. Bb1 dxc4 18. Qc2 f5 19. Qxc4 Bf6 20. Ba3 Ne5 21. Qc2 Qd7
22. Qa2 Qb7 23. b4 axb4 {suite illisible} 0-1

[Event "Championnat de France - Open D"]
[Site "PAU"]
[Date "2012.08.19"]
[Round "6.7"]
[White "Houssaye, Martin"]
[Black "Apap, Titouan"]
[Result "1-0"]
[WhiteElo "1470"]
[BlackElo "1420"]
[PlyCount "53"]

1. e4 c5 2. Nf3 d6 3. Bb5+ Bd7 4. Bxd7+ Nxd7 5. d4 cxd4 6. Nxd4 Ngf6 7. f3 a6
8. c4 g6 9. Nc3 Bg7 10. O-O Qb6 11. Kh1 Nxe4 12. fxe4 Bxd4 13. Nd5 Qc5 14. Nc7+
Qxc7 15. Qxd4 Ne5 16. b3 O-O 17. Bh6 Rfe8 18. Rf3 f6 19. Rh3 Qc5 20. Qd2 Ng4
21. Rf1 g5 22. Rf5 Qc8 23. Rxg5+ fxg5 24. Qxg5+ Kf7 25. Qg7+ Ke6 26. Qxg4+ Ke5
27. Bg7# 1-0

[Event "Championnat de France - Open D"]
[Site "PAU"]
[Date "2012.08.19"]
[Round "6.8"]
[White "Rivollier, Frederic"]
[Black "Bureau-Leroyer, Lola"]
[Result "1-0"]
[WhiteElo "1455"]
[BlackElo "1396"]
[PlyCount "97"]

1. e4 c6 2. d4 d5 3. Nc3 dxe4 4. Nxe4 Bf5 5. Ng3 Bg6 6. h4 h6 7. Nf3 Nd7 8. Bd3
Bxd3 9. Qxd3 Ngf6 10. Bd2 e6 11. O-O-O Bd6 12. Ne4 Nxe4 13. Qxe4 Nf6 14. Qe2 a5
15. Ne5 Nd7 16. g4 Nxe5 17. dxe5 Be7 18. Be1 Qb6 19. f4 O-O 20. Bf2 c5 21. g5
a4 22. gxh6 g6 23. Rhg1 Qb4 24. Qf3 a3 25. b3 c4 26. Kb1 cxb3 27. cxb3 Rad8 28.
Bg3 Rd2 29. Rxd2 Qxd2 30. Qg2 Qd3+ 31. Qc2 Qe3 32. Qc1 Qb6 33. h5 Kh7 34. Rg2
Rd8 35. hxg6+ fxg6 36. Bf2 Qb4 37. Qc2 Ra8 38. Bg3 Bc5 39. Qc4 Qb6 40. Bh4 Qc6
41. Qe2 Rc8 42. Qc2 Qe8 43. Qe4 Qf7 44. Rc2 Rc6 45. Rd2 Bb4 46. Rc2 Rxc2 47.
Kxc2 Qf8 48. Qxb7+ Kh8 49. Bf6+ 1-0